00886nam a2200265Ia 4500001000900000003000500009005001700014008004100031010001100072020003800083040000900121082001700130100002800147245007000175250001100245260007400256300002400330500013300354503000800487504002800495650002500523650002200548650003100570650001900601dia_4543CHAP20251023170644.0220117s2007 xx 000 0 und d a175204 a978-0-7637-3762-7 \ 0-7637-3762-7 cCHAP a576 P66 2007 aPommerville, Jeffrey C. aAlcamo's fundamentals of microbiology /c Jeffrey C. Pommerville a8a ed. aEstados Unidos de América :b Jones and Bartlett Publishers,c2007 a1 v. (pag. variada) aAnteriormente publicada como: Fundamentals of microbiology / Edward I. Alcamo. 6th ed. Sudbury, Mass. : Jones and Bartlett, 2001 aC/e aIncluye bibliografías aMedical microbiology aMicrobiología  aMicrobiología médica  aMicrobiology